000 00783nas a2200301 4500
001 BR9703154
003 BR-BrBNA
005 20231205100302.0
007 ta
008 230509b bl.|||p| |||| 00| 00por d
040 _aBR-BrBNA
_bpor
_cBiblioteca Nacional de Agricultura
041 _a(Pt)
072 _aQ52
100 1 _aMartins, L.
245 1 _aForrageiras garantem pasto melhor no Sul
650 _aAveia
650 _aAzevem
650 _aTriticale
650 _aTrevo Branco
650 _aTrevo Vesiculoso
650 _aCornichao
650 _aErvilhaca
650 _aForragem
650 _aPastagem
773 0 _tProdutor Parmalat (Brazil)
_x
_g(Apr 1997), v. 1(2) p. 40-42
_wBR9703154
909 _a202311
_bLúcia
_c55
_dLúcia Elande
942 _2AGRIS
_n0
_cANA
999 _c155147
_d155147